| 000 | 00703nam a22002177a 4500 | ||
|---|---|---|---|
| 003 | OSt | ||
| 005 | 20131031134959.0 | ||
| 008 | 130619r19891988xxu||||| |||| 00| 0 eng d | ||
| 040 | _cCDMR | ||
| 100 | 1 |
_93835 _aBassow, Whitman |
|
| 245 | 1 | 4 |
_aThe Moscow correspondents _cWithman Bassow _b: reporting on Russia from the Revolution to Glasnost |
| 260 |
_aNew York _bParagon House |
||
| 260 |
_bMorrow _c1988 |
||
| 300 | _a385 p. | ||
| 490 | 0 | _aJournalism / Soviet studies | |
| 650 | 0 | 4 |
_92802 _aCorresponsals estrangers _vRelats personals |
| 650 | 0 | 4 |
_93074 _aPeriodistes _vBiografia |
| 650 | 0 | 4 |
_94229 _aUnió Soviètica _xHistòria |
| 650 | 0 | 4 |
_94217 _aRevolucions _xCobertura periodística |
| 942 |
_2udc _cMON |
||
| 999 |
_c6494 _d6494 |
||